[Event "45th FIDE Chess Olympiad Open"]
[Site "Budapest, Hungary"]
[Date "2024.09.20"]
[Round "9"]
[White "Papaioannou, Ioannis"]
[Black "Mamedyarov, Shakhriyar"]
[Result "1/2-1/2"]
[Board "47"]
[WhiteFideId "4201345"]
[BlackFideId "13401319"]
[WhiteTitle "GM"]
[BlackTitle "GM"]
[WhiteElo "2615"]
[BlackElo "2733"]
[WhiteTeam "Greece"]
[BlackTeam "Azerbaijan"]
[WhiteClock "0:21:18"]
[BlackClock "0:00:39"]
[Variant "Standard"]

1. d4 {[%clk 1:30:54]}  Nf6 {[%clk 1:30:41]} 2. Nf3 {[%clk 1:31:14]}  d5 {[%clk 1:30:51]} 3. Bf4 {[%clk 1:31:24]}  c5 {[%clk 1:31:02]} 4. e3 {[%clk 1:31:40]}  Nc6 {[%clk 1:31:08]} 5. Nbd2 {[%clk 1:32:01]}  cxd4 {[%clk 1:31:09]} 6. exd4 {[%clk 1:32:23]}  a6 {[%clk 1:31:36]} 7. c3 {[%clk 1:31:51]}  Bf5 {[%clk 1:29:31]} 8. Be2 {[%clk 1:31:24]}  e6 {[%clk 1:28:54]} 9. O-O {[%clk 1:31:25]}  Bd6 {[%clk 1:28:50]} 10. Bxd6 {[%clk 1:31:34]}  Qxd6 {[%clk 1:29:18]} 11. Re1 {[%clk 1:31:23]}  O-O {[%clk 1:27:56]} 12. a4 {[%clk 1:30:36]}  h6 {[%clk 1:18:39]} 13. a5 {[%clk 1:27:59]}  Qc7 {[%clk 1:14:03]} 14. Qa4 {[%clk 1:26:15]}  Nd7 {[%clk 1:09:48]} 15. h3 {[%clk 1:20:54]}  Rfe8 {[%clk 1:08:06]} 16. Bf1 {[%clk 1:19:16]}  Re7 {[%clk 0:50:58]} 17. Re3 {[%clk 1:14:15]}  Rae8 {[%clk 0:50:19]} 18. Qa3 {[%clk 1:10:46]}  Bg6 {[%clk 0:47:49]} 19. b4 {[%clk 1:05:17]}  e5 {[%clk 0:45:55]} 20. dxe5 {[%clk 1:04:43]}  Ndxe5 {[%clk 0:46:19]} 21. Nxe5 {[%clk 1:03:46]}  Rxe5 {[%clk 0:46:36]} 22. Rxe5 {[%clk 1:03:35]}  Qxe5 {[%clk 0:43:04]} 23. b5 {[%clk 0:59:42]}  axb5 {[%clk 0:41:53]} 24. Bxb5 {[%clk 1:00:06]}  Re6 {[%clk 0:36:22]} 25. Qc5 {[%clk 0:52:25]}  Qf4 {[%clk 0:34:03]} 26. Nf1 {[%clk 0:50:07]}  Ne7 {[%clk 0:29:31]} 27. Ne3 {[%clk 0:45:25]}  Be4 {[%clk 0:24:32]} 28. a6 {[%clk 0:41:06]}  bxa6 {[%clk 0:24:42]} 29. Rxa6 {[%clk 0:41:31]}  Rxa6 {[%clk 0:10:28]} 30. Bxa6 {[%clk 0:41:54]}  Qe5 {[%clk 0:09:57]} 31. Bb7 {[%clk 0:39:33]}  h5 {[%clk 0:05:11]} 32. f3 {[%clk 0:37:09]}  Bf5 {[%clk 0:02:55]} 33. Bxd5 {[%clk 0:30:35]}  Be6 {[%clk 0:03:04]} 34. c4 {[%clk 0:30:39]}  h4 {[%clk 0:01:31]} 35. Qb6 {[%clk 0:27:20]}  Qa1+ {[%clk 0:00:39]} 36. Kh2 {[%clk 0:21:18]} 1/2-1/2

[Event "45th FIDE Chess Olympiad Open"]
[Site "Budapest, Hungary"]
[Date "2024.09.20"]
[Round "9"]
[White "Muradli, Mahammad"]
[Black "Kelires, Andreas"]
[Result "1/2-1/2"]
[Board "48"]
[WhiteFideId "13409301"]
[BlackFideId "5900727"]
[WhiteTitle "GM"]
[BlackTitle "GM"]
[WhiteElo "2576"]
[BlackElo "2536"]
[WhiteTeam "Azerbaijan"]
[BlackTeam "Greece"]
[WhiteClock "0:11:26"]
[BlackClock "0:01:26"]
[Variant "Standard"]

1. d4 {[%clk 1:30:26]}  Nf6 {[%clk 1:30:52]} 2. c4 {[%clk 1:30:50]}  e6 {[%clk 1:31:16]} 3. Nf3 {[%clk 1:31:12]}  d5 {[%clk 1:31:39]} 4. Nc3 {[%clk 1:31:33]}  Bb4 {[%clk 1:31:58]} 5. cxd5 {[%clk 1:31:51]}  exd5 {[%clk 1:32:22]} 6. Bf4 {[%clk 1:32:12]}  Ne4 {[%clk 1:30:45]} 7. Rc1 {[%clk 1:31:23]}  Nc6 {[%clk 1:29:48]} 8. h4 {[%clk 1:31:37]}  Nxc3 {[%clk 1:22:52]} 9. bxc3 {[%clk 1:31:59]}  Bd6 {[%clk 1:23:18]} 10. Bxd6 {[%clk 1:21:20]}  Qxd6 {[%clk 1:23:36]} 11. e3 {[%clk 1:21:46]}  Ne7 {[%clk 1:13:47]} 12. g3 {[%clk 1:10:11]}  Bg4 {[%clk 1:10:05]} 13. Bg2 {[%clk 1:05:37]}  O-O {[%clk 1:04:44]} 14. Qd2 {[%clk 1:03:02]}  Bxf3 {[%clk 1:02:39]} 15. Bxf3 {[%clk 1:03:24]}  b5 {[%clk 1:03:00]} 16. O-O {[%clk 0:58:05]}  f5 {[%clk 1:01:12]} 17. a4 {[%clk 0:55:33]}  a6 {[%clk 0:52:30]} 18. Ra1 {[%clk 0:53:31]}  c6 {[%clk 0:39:24]} 19. Ra2 {[%clk 0:50:41]}  Rab8 {[%clk 0:38:32]} 20. Rfa1 {[%clk 0:48:57]}  Rb6 {[%clk 0:35:39]} 21. axb5 {[%clk 0:47:03]}  cxb5 {[%clk 0:35:54]} 22. h5 {[%clk 0:38:45]}  Rf6 {[%clk 0:31:34]} 23. Kg2 {[%clk 0:37:07]}  Qd7 {[%clk 0:31:29]} 24. Qd1 {[%clk 0:29:56]}  Rfc6 {[%clk 0:30:18]} 25. Ra3 {[%clk 0:24:55]}  Qd6 {[%clk 0:29:01]} 26. Qh1 {[%clk 0:22:46]}  Kf8 {[%clk 0:21:49]} 27. Qh3 {[%clk 0:18:06]}  Qf6 {[%clk 0:19:49]} 28. g4 {[%clk 0:13:21]}  g6 {[%clk 0:16:17]} 29. hxg6 {[%clk 0:11:00]}  hxg6 {[%clk 0:16:42]} 30. Qh6+ {[%clk 0:08:41]}  Ke8 {[%clk 0:15:56]} 31. Be2 {[%clk 0:04:54]}  Kd8 {[%clk 0:13:28]} 32. g5 {[%clk 0:03:46]}  Qd6 {[%clk 0:11:58]} 33. Qg7 {[%clk 0:03:52]}  Kc8 {[%clk 0:11:10]} 34. Bf3 {[%clk 0:02:01]}  Kb7 {[%clk 0:10:49]} 35. Rb3 {[%clk 0:01:35]}  Rc7 {[%clk 0:09:37]} 36. Rba3 {[%clk 0:01:15]}  Qe6 {[%clk 0:08:08]} 37. Qh6 {[%clk 0:00:48]}  Nc8 {[%clk 0:05:55]} 38. Qh8 {[%clk 0:00:34]}  Nd6 {[%clk 0:04:52]} 39. Qd8 {[%clk 0:00:33]}  Ne4 {[%clk 0:02:19]} 40. Bxe4 {[%clk 0:00:32]}  fxe4 {[%clk 0:02:00]} 41. Rh1 {[%clk 0:19:34]}  Rd6 {[%clk 0:25:58]} 42. Qh8 {[%clk 0:17:20]}  Qg4+ {[%clk 0:23:13]} 43. Kf1 {[%clk 0:16:59]}  Qd1+ {[%clk 0:20:19]} 44. Kg2 {[%clk 0:17:28]}  Qf3+ {[%clk 0:20:40]} 45. Kg1 {[%clk 0:16:35]}  Rf7 {[%clk 0:20:15]} 46. Ra2 {[%clk 0:15:15]}  Rdd7 {[%clk 0:12:04]} 47. Qg8 {[%clk 0:10:09]}  Qd1+ {[%clk 0:10:01]} 48. Kg2 {[%clk 0:10:24]}  Qg4+ {[%clk 0:10:14]} 49. Kf1 {[%clk 0:10:52]}  Qd1+ {[%clk 0:05:16]} 50. Kg2 {[%clk 0:11:19]}  Qf3+ {[%clk 0:04:46]} 51. Kg1 {[%clk 0:11:35]}  Qd1+ {[%clk 0:01:48]} 52. Kg2 {[%clk 0:11:28]}  Qf3+ {[%clk 0:01:24]} 53. Kg1 {[%clk 0:11:26]}  Qd1+ {[%clk 0:01:26]} 1/2-1/2

[Event "45th FIDE Chess Olympiad Open"]
[Site "Budapest, Hungary"]
[Date "2024.09.20"]
[Round "9"]
[White "Vachier-Lagrave, Maxime"]
[Black "Vocaturo, Daniele"]
[Result "1/2-1/2"]
[Board "49"]
[WhiteFideId "623539"]
[BlackFideId "813192"]
[WhiteTitle "GM"]
[BlackTitle "GM"]
[WhiteElo "2731"]
[BlackElo "2600"]
[WhiteTeam "France"]
[BlackTeam "Italy"]
[WhiteClock "0:52:39"]
[BlackClock "0:59:43"]
[Variant "Standard"]

1. e4 {[%clk 1:30:58]}  c5 {[%clk 1:30:48]} 2. Nf3 {[%clk 1:31:25]}  g6 {[%clk 1:30:58]} 3. d4 {[%clk 1:29:15]}  cxd4 {[%clk 1:31:13]} 4. Nxd4 {[%clk 1:29:38]}  Nc6 {[%clk 1:31:06]} 5. Nc3 {[%clk 1:30:01]}  Bg7 {[%clk 1:29:57]} 6. Be3 {[%clk 1:29:02]}  Nf6 {[%clk 1:30:07]} 7. Bc4 {[%clk 1:29:26]}  O-O {[%clk 1:29:00]} 8. Bb3 {[%clk 1:29:03]}  d6 {[%clk 1:28:54]} 9. f3 {[%clk 1:29:24]}  Qa5 {[%clk 1:28:08]} 10. Qd2 {[%clk 1:26:52]}  Nxd4 {[%clk 1:27:24]} 11. Bxd4 {[%clk 1:27:16]}  Be6 {[%clk 1:27:46]} 12. O-O-O {[%clk 1:26:08]}  b5 {[%clk 1:26:24]} 13. Kb1 {[%clk 1:22:48]}  b4 {[%clk 1:25:39]} 14. Bxe6 {[%clk 1:23:11]}  fxe6 {[%clk 1:25:57]} 15. Ne2 {[%clk 1:23:37]}  Qb5 {[%clk 1:20:40]} 16. h4 {[%clk 1:18:09]}  a5 {[%clk 1:19:00]} 17. h5 {[%clk 1:11:08]}  gxh5 {[%clk 1:15:36]} 18. Ng3 {[%clk 1:04:07]}  a4 {[%clk 1:01:34]} 19. Bxf6 {[%clk 1:02:10]}  Bxf6 {[%clk 1:01:42]} 20. Rxh5 {[%clk 0:57:57]}  Qc4 {[%clk 0:58:49]} 21. e5 {[%clk 0:55:22]}  Bxe5 {[%clk 0:58:19]} 22. Rxe5 {[%clk 0:53:18]}  dxe5 {[%clk 0:58:41]} 23. Qg5+ {[%clk 0:53:43]}  Kf7 {[%clk 0:58:29]} 24. Qh5+ {[%clk 0:53:00]}  Kg8 {[%clk 0:58:48]} 25. Qg5+ {[%clk 0:53:20]}  Kf7 {[%clk 0:59:10]} 26. Qh5+ {[%clk 0:52:02]}  Kg8 {[%clk 0:59:34]} 27. Qg5+ {[%clk 0:52:24]}  Kf7 {[%clk 0:59:57]} 28. Qh5+ {[%clk 0:52:39]}  Kg8 {[%clk 0:59:43]} 1/2-1/2

[Event "45th FIDE Chess Olympiad Open"]
[Site "Budapest, Hungary"]
[Date "2024.09.20"]
[Round "9"]
[White "Lodici, Lorenzo"]
[Black "Maurizzi, Marc`Andria"]
[Result "1/2-1/2"]
[Board "50"]
[WhiteFideId "884189"]
[BlackFideId "36083534"]
[WhiteTitle "GM"]
[BlackTitle "GM"]
[WhiteElo "2556"]
[BlackElo "2595"]
[WhiteTeam "Italy"]
[BlackTeam "France"]
[WhiteClock "0:01:03"]
[BlackClock "0:08:56"]
[Variant "Standard"]

1. e4 {[%clk 1:30:58]}  e5 {[%clk 1:30:34]} 2. Nf3 {[%clk 1:31:23]}  Nc6 {[%clk 1:30:59]} 3. Bc4 {[%clk 1:31:49]}  Nf6 {[%clk 1:30:55]} 4. d3 {[%clk 1:32:15]}  h6 {[%clk 1:27:55]} 5. O-O {[%clk 1:31:18]}  Bc5 {[%clk 1:27:01]} 6. Nc3 {[%clk 1:31:40]}  d6 {[%clk 1:26:13]} 7. Na4 {[%clk 1:30:49]}  Bb6 {[%clk 1:24:49]} 8. c3 {[%clk 1:27:07]}  O-O {[%clk 1:24:28]} 9. b4 {[%clk 1:27:04]}  Ne7 {[%clk 1:23:11]} 10. h3 {[%clk 1:25:05]}  Ng6 {[%clk 1:23:01]} 11. Bb3 {[%clk 1:25:31]}  Bd7 {[%clk 1:19:47]} 12. Nxb6 {[%clk 1:20:28]}  axb6 {[%clk 1:20:15]} 13. Re1 {[%clk 1:19:39]}  Re8 {[%clk 1:17:33]} 14. Qc2 {[%clk 1:09:11]}  Nh5 {[%clk 1:09:21]} 15. d4 {[%clk 1:01:24]}  Qc8 {[%clk 1:00:11]} 16. Bc4 {[%clk 0:58:12]}  Nf6 {[%clk 0:52:15]} 17. Be3 {[%clk 0:49:12]}  Ba4 {[%clk 0:48:41]} 18. Qb1 {[%clk 0:48:58]}  Bc6 {[%clk 0:48:26]} 19. d5 {[%clk 0:41:23]}  Bd7 {[%clk 0:48:48]} 20. Bf1 {[%clk 0:41:50]}  c6 {[%clk 0:40:30]} 21. dxc6 {[%clk 0:40:53]}  Bxc6 {[%clk 0:40:43]} 22. Nd2 {[%clk 0:39:19]}  b5 {[%clk 0:39:42]} 23. a4 {[%clk 0:36:28]}  Rxa4 {[%clk 0:35:24]} 24. Rxa4 {[%clk 0:36:01]}  bxa4 {[%clk 0:35:52]} 25. b5 {[%clk 0:36:21]}  Bd7 {[%clk 0:36:20]} 26. Nc4 {[%clk 0:35:10]}  Qc7 {[%clk 0:35:31]} 27. Rd1 {[%clk 0:31:18]}  Re6 {[%clk 0:35:11]} 28. Nb6 {[%clk 0:26:35]}  a3 {[%clk 0:28:04]} 29. Qb4 {[%clk 0:24:23]}  Nf8 {[%clk 0:21:39]} 30. f3 {[%clk 0:21:20]}  Nh5 {[%clk 0:18:32]} 31. Nc4 {[%clk 0:14:27]}  Rg6 {[%clk 0:15:52]} 32. Nxd6 {[%clk 0:13:43]}  a2 {[%clk 0:10:43]} 33. Nf5 {[%clk 0:09:58]}  Bxf5 {[%clk 0:10:09]} 34. exf5 {[%clk 0:10:26]}  Rd6 {[%clk 0:10:35]} 35. Ra1 {[%clk 0:10:15]}  Ng3 {[%clk 0:09:55]} 36. Bc4 {[%clk 0:05:58]}  Nxf5 {[%clk 0:08:40]} 37. Bc5 {[%clk 0:05:49]}  Rd2 {[%clk 0:07:56]} 38. Bxf8 {[%clk 0:04:17]}  e4 {[%clk 0:06:55]} 39. Rxa2 {[%clk 0:02:55]}  Rd1+ {[%clk 0:04:38]} 40. Bf1 {[%clk 0:03:24]}  Ng3 {[%clk 0:02:05]} 41. Bd6 {[%clk 0:01:26]}  Rxd6 {[%clk 0:02:02]} 42. Qc4 {[%clk 0:29:20]}  Qb6+ {[%clk 0:24:31]} 43. Kh2 {[%clk 0:29:37]}  Nxf1+ {[%clk 0:24:56]} 44. Qxf1 {[%clk 0:30:03]}  e3 {[%clk 0:25:19]} 45. f4 {[%clk 0:24:28]}  Rd2 {[%clk 0:23:01]} 46. Ra8+ {[%clk 0:23:01]}  Rd8 {[%clk 0:21:37]} 47. Ra2 {[%clk 0:18:55]}  Qe6 {[%clk 0:21:40]} 48. Re2 {[%clk 0:17:05]}  Qe4 {[%clk 0:20:45]} 49. c4 {[%clk 0:12:29]}  Rd2 {[%clk 0:15:12]} 50. c5 {[%clk 0:12:58]}  Qc4 {[%clk 0:15:14]} 51. Re1 {[%clk 0:13:05]}  e2 {[%clk 0:15:33]} 52. Qf3 {[%clk 0:11:01]}  Qxb5 {[%clk 0:15:53]} 53. Qe3 {[%clk 0:09:58]}  Rc2 {[%clk 0:15:44]} 54. Ra1 {[%clk 0:05:53]}  Rxc5 {[%clk 0:13:36]} 55. Ra8+ {[%clk 0:04:22]}  Kh7 {[%clk 0:14:05]} 56. Ra2 {[%clk 0:04:48]}  Rc6 {[%clk 0:11:37]} 57. Qe4+ {[%clk 0:04:14]}  f5 {[%clk 0:11:42]} 58. Qe3 {[%clk 0:03:03]}  Qc4 {[%clk 0:09:35]} 59. Rxe2 {[%clk 0:03:08]}  b5 {[%clk 0:10:01]} 60. Qf3 {[%clk 0:00:34]}  Re6 {[%clk 0:09:26]} 61. Rd2 {[%clk 0:00:36]}  Qe4 {[%clk 0:09:44]} 62. Qf2 {[%clk 0:00:49]}  Rg6 {[%clk 0:09:29]} 63. Re2 {[%clk 0:00:54]}  Qb7 {[%clk 0:08:55]} 64. Qc5 {[%clk 0:00:49]}  Qd7 {[%clk 0:07:51]} 65. Rb2 {[%clk 0:00:42]}  Qd3 {[%clk 0:08:17]} 66. Qxb5 {[%clk 0:00:57]}  Qg3+ {[%clk 0:08:41]} 67. Kh1 {[%clk 0:00:55]}  Qxf4 {[%clk 0:08:59]} 68. Rb1 {[%clk 0:00:32]}  Qe4 {[%clk 0:08:57]} 69. Rb2 {[%clk 0:00:41]}  Rg3 {[%clk 0:08:23]} 70. Kh2 {[%clk 0:00:59]}  Rd3 {[%clk 0:08:41]} 71. Rf2 {[%clk 0:00:57]}  f4 {[%clk 0:08:23]} 72. Qh5 {[%clk 0:01:11]}  Re3 {[%clk 0:08:02]} 73. Qf7 {[%clk 0:01:04]}  Rg3 {[%clk 0:08:23]} 74. Qxf4 {[%clk 0:00:36]}  Rxg2+ {[%clk 0:08:50]} 75. Kh1 {[%clk 0:01:03]}  Qxf4 {[%clk 0:08:56]} 1/2-1/2

[Event "45th FIDE Chess Olympiad Open"]
[Site "Budapest, Hungary"]
[Date "2024.09.20"]
[Round "9"]
[White "Fressinet, Laurent"]
[Black "Moroni, Luca Jr"]
[Result "1/2-1/2"]
[Board "51"]
[WhiteFideId "608742"]
[BlackFideId "865834"]
[WhiteTitle "GM"]
[BlackTitle "GM"]
[WhiteElo "2616"]
[BlackElo "2558"]
[WhiteTeam "France"]
[BlackTeam "Italy"]
[WhiteClock "0:03:49"]
[BlackClock "0:03:27"]
[Variant "Standard"]

1. e4 {[%clk 1:30:55]}  e6 {[%clk 1:30:57]} 2. d4 {[%clk 1:31:00]}  d5 {[%clk 1:31:23]} 3. exd5 {[%clk 1:27:54]}  exd5 {[%clk 1:29:42]} 4. Nf3 {[%clk 1:28:20]}  Bd6 {[%clk 1:27:15]} 5. c4 {[%clk 1:26:28]}  Nf6 {[%clk 1:24:03]} 6. c5 {[%clk 1:24:42]}  Be7 {[%clk 1:24:24]} 7. Qa4+ {[%clk 1:24:11]}  Bd7 {[%clk 1:17:40]} 8. Qc2 {[%clk 1:23:08]}  b6 {[%clk 1:14:55]} 9. Bd3 {[%clk 1:16:49]}  O-O {[%clk 1:09:11]} 10. O-O {[%clk 1:10:10]}  Nc6 {[%clk 1:03:52]} 11. a3 {[%clk 1:09:55]}  bxc5 {[%clk 0:57:52]} 12. dxc5 {[%clk 1:09:59]}  a5 {[%clk 0:57:41]} 13. Bg5 {[%clk 0:57:39]}  h6 {[%clk 0:54:33]} 14. Bh4 {[%clk 0:53:48]}  Nh5 {[%clk 0:40:52]} 15. Bxe7 {[%clk 0:42:36]}  Qxe7 {[%clk 0:39:47]} 16. Nc3 {[%clk 0:30:50]}  Nf4 {[%clk 0:32:02]} 17. Bf5 {[%clk 0:24:56]}  Be6 {[%clk 0:25:27]} 18. Qa4 {[%clk 0:19:19]}  d4 {[%clk 0:08:04]} 19. Nxd4 {[%clk 0:08:18]}  Nxd4 {[%clk 0:07:07]} 20. Qxd4 {[%clk 0:08:42]}  Qg5 {[%clk 0:07:11]} 21. g3 {[%clk 0:07:14]}  Qxf5 {[%clk 0:06:25]} 22. Qxf4 {[%clk 0:07:42]}  Qxc5 {[%clk 0:06:49]} 23. Rac1 {[%clk 0:07:45]}  c6 {[%clk 0:05:02]} 24. Ne2 {[%clk 0:03:51]}  Qb6 {[%clk 0:04:23]} 25. Qd4 {[%clk 0:03:58]}  Rab8 {[%clk 0:03:45]} 26. Qxb6 {[%clk 0:03:38]}  Rxb6 {[%clk 0:04:12]} 27. Nf4 {[%clk 0:03:34]}  Rxb2 {[%clk 0:02:41]} 28. Nxe6 {[%clk 0:03:27]}  fxe6 {[%clk 0:03:10]} 29. Rxc6 {[%clk 0:03:49]}  Rb3 {[%clk 0:03:05]} 30. Ra1 {[%clk 0:03:49]}  Rb2 {[%clk 0:03:27]} 1/2-1/2

[Event "45th FIDE Chess Olympiad Open"]
[Site "Budapest, Hungary"]
[Date "2024.09.20"]
[Round "9"]
[White "Brunello, Sabino"]
[Black "Lagarde, Maxime"]
[Result "0-1"]
[Board "52"]
[WhiteFideId "813613"]
[BlackFideId "662399"]
[WhiteTitle "GM"]
[BlackTitle "GM"]
[WhiteElo "2511"]
[BlackElo "2598"]
[WhiteTeam "Italy"]
[BlackTeam "France"]
[WhiteClock "0:26:25"]
[BlackClock "0:25:27"]
[Variant "Standard"]

1. d4 {[%clk 1:30:57]}  Nf6 {[%clk 1:30:56]} 2. c4 {[%clk 1:31:10]}  e6 {[%clk 1:31:21]} 3. Nf3 {[%clk 1:30:25]}  b6 {[%clk 1:31:48]} 4. a3 {[%clk 1:22:56]}  Ba6 {[%clk 1:32:01]} 5. Qc2 {[%clk 1:21:39]}  Bb7 {[%clk 1:32:17]} 6. Nc3 {[%clk 1:20:49]}  c5 {[%clk 1:32:42]} 7. e4 {[%clk 1:21:06]}  cxd4 {[%clk 1:33:07]} 8. Nxd4 {[%clk 1:21:34]}  Bc5 {[%clk 1:33:28]} 9. Nb3 {[%clk 1:19:26]}  Nc6 {[%clk 1:30:05]} 10. Bd3 {[%clk 1:15:58]}  Qb8 {[%clk 1:22:10]} 11. h3 {[%clk 1:00:51]}  Bd6 {[%clk 1:14:08]} 12. O-O {[%clk 0:53:58]}  Nh5 {[%clk 1:00:15]} 13. Re1 {[%clk 0:50:18]}  Bh2+ {[%clk 0:48:07]} 14. Kh1 {[%clk 0:49:34]}  Bf4 {[%clk 0:47:19]} 15. Be2 {[%clk 0:32:10]}  Nf6 {[%clk 0:42:33]} 16. c5 {[%clk 0:26:45]}  O-O {[%clk 0:36:46]} 17. Nb5 {[%clk 0:24:55]}  Ne7 {[%clk 0:33:32]} 18. Bf3 {[%clk 0:10:13]}  Ng6 {[%clk 0:27:08]} 19. Bxf4 {[%clk 0:08:00]}  Qxf4 {[%clk 0:27:11]} 20. Nd6 {[%clk 0:08:29]}  Ne5 {[%clk 0:08:58]} 21. Nxb7 {[%clk 0:05:57]}  Nxf3 {[%clk 0:08:44]} 22. gxf3 {[%clk 0:06:25]}  Nh5 {[%clk 0:07:44]} 23. Re3 {[%clk 0:05:40]}  Rab8 {[%clk 0:05:43]} 24. Nd6 {[%clk 0:05:25]}  bxc5 {[%clk 0:05:55]} 25. Rd1 {[%clk 0:05:29]}  c4 {[%clk 0:03:16]} 26. Nc5 {[%clk 0:04:50]}  Qh4 {[%clk 0:03:02]} 27. f4 {[%clk 0:04:35]}  Nxf4 {[%clk 0:03:27]} 28. Kh2 {[%clk 0:03:52]}  Qg5 {[%clk 0:03:41]} 29. Rg1 {[%clk 0:00:40]}  Qxc5 {[%clk 0:04:05]} 30. e5 {[%clk 0:00:33]}  Nd3 {[%clk 0:01:46]} 31. Qxc4 {[%clk 0:00:33]}  Qxc4 {[%clk 0:01:54]} 32. Nxc4 {[%clk 0:00:59]}  Nxb2 {[%clk 0:02:04]} 33. Nd6 {[%clk 0:01:10]}  f6 {[%clk 0:02:16]} 34. f4 {[%clk 0:01:13]}  fxe5 {[%clk 0:02:25]} 35. fxe5 {[%clk 0:01:42]}  Rf2+ {[%clk 0:01:45]} 36. Kh1 {[%clk 0:00:43]}  Rbf8 {[%clk 0:01:51]} 37. Reg3 {[%clk 0:00:51]}  g6 {[%clk 0:02:01]} 38. Ne4 {[%clk 0:01:06]}  Rc2 {[%clk 0:01:33]} 39. Nf6+ {[%clk 0:01:18]}  Kg7 {[%clk 0:01:30]} 40. h4 {[%clk 0:00:43]}  Nc4 {[%clk 0:01:32]} 41. Nxd7 {[%clk 0:27:23]}  Rff2 {[%clk 0:28:51]} 42. Rh3 {[%clk 0:27:47]}  Nd2 {[%clk 0:25:25]} 43. Rg2 {[%clk 0:26:25]}  Ne4 {[%clk 0:25:27]} 0-1

[Event "45th FIDE Chess Olympiad Open"]
[Site "Budapest, Hungary"]
[Date "2024.09.20"]
[Round "9"]
[White "Deac, Bogdan-Daniel"]
[Black "Dragnev, Valentin"]
[Result "1-0"]
[Board "53"]
[WhiteFideId "1226380"]
[BlackFideId "1634852"]
[WhiteTitle "GM"]
[BlackTitle "GM"]
[WhiteElo "2680"]
[BlackElo "2556"]
[WhiteTeam "Romania"]
[BlackTeam "Austria"]
[WhiteClock "0:03:01"]
[BlackClock "0:00:59"]
[Variant "Standard"]

1. Nf3 {[%clk 1:30:56]}  Nf6 {[%clk 1:30:33]} 2. c4 {[%clk 1:31:18]}  c5 {[%clk 1:30:28]} 3. Nc3 {[%clk 1:31:35]}  Nc6 {[%clk 1:30:37]} 4. e3 {[%clk 1:27:55]}  a6 {[%clk 1:28:45]} 5. b3 {[%clk 1:27:55]}  g6 {[%clk 1:23:33]} 6. Bb2 {[%clk 1:25:55]}  Bg7 {[%clk 1:23:55]} 7. Ne4 {[%clk 1:15:41]}  d6 {[%clk 1:23:41]} 8. Nxf6+ {[%clk 1:14:53]}  Bxf6 {[%clk 1:23:02]} 9. Bxf6 {[%clk 1:14:43]}  exf6 {[%clk 1:23:30]} 10. Be2 {[%clk 1:14:59]}  O-O {[%clk 1:21:47]} 11. O-O {[%clk 1:13:38]}  d5 {[%clk 1:12:27]} 12. cxd5 {[%clk 0:50:41]}  Qxd5 {[%clk 1:12:46]} 13. Rc1 {[%clk 0:48:48]}  b6 {[%clk 1:04:05]} 14. d4 {[%clk 0:40:52]}  cxd4 {[%clk 1:00:32]} 15. Nxd4 {[%clk 0:41:09]}  Nxd4 {[%clk 1:00:48]} 16. exd4 {[%clk 0:39:34]}  Bb7 {[%clk 1:00:26]} 17. Bf3 {[%clk 0:39:01]}  Qd7 {[%clk 1:00:48]} 18. d5 {[%clk 0:38:50]}  Rfd8 {[%clk 0:54:04]} 19. Qd4 {[%clk 0:38:25]}  Qd6 {[%clk 0:54:27]} 20. Rfd1 {[%clk 0:36:38]}  Rd7 {[%clk 0:50:11]} 21. Rd2 {[%clk 0:34:22]}  Rad8 {[%clk 0:50:25]} 22. Rcd1 {[%clk 0:34:39]}  Kg7 {[%clk 0:47:41]} 23. h4 {[%clk 0:34:44]}  h5 {[%clk 0:47:37]} 24. g3 {[%clk 0:35:09]}  Qc7 {[%clk 0:45:04]} 25. Bg2 {[%clk 0:33:52]}  Rd6 {[%clk 0:43:49]} 26. Rd3 {[%clk 0:33:58]}  R8d7 {[%clk 0:41:08]} 27. Qb2 {[%clk 0:32:48]}  Rd8 {[%clk 0:39:45]} 28. Qd2 {[%clk 0:29:08]}  Qd7 {[%clk 0:35:13]} 29. Rd4 {[%clk 0:29:13]}  Qc8 {[%clk 0:32:33]} 30. Kh2 {[%clk 0:28:28]}  Qd7 {[%clk 0:30:44]} 31. Kg1 {[%clk 0:19:39]}  Qc8 {[%clk 0:29:24]} 32. a4 {[%clk 0:11:29]}  a5 {[%clk 0:25:46]} 33. b4 {[%clk 0:11:11]}  axb4 {[%clk 0:25:54]} 34. Qxb4 {[%clk 0:11:26]}  Qa8 {[%clk 0:23:21]} 35. Kh2 {[%clk 0:11:22]}  R8d7 {[%clk 0:20:37]} 36. Bh3 {[%clk 0:09:13]}  Rd8 {[%clk 0:20:41]} 37. Bg2 {[%clk 0:09:26]}  R8d7 {[%clk 0:21:01]} 38. Bf3 {[%clk 0:01:00]}  Qd8 {[%clk 0:19:48]} 39. Bg2 {[%clk 0:01:16]}  Qa8 {[%clk 0:18:56]} 40. R1d2 {[%clk 0:00:48]}  Rd8 {[%clk 0:18:07]} 41. R2d3 {[%clk 0:00:42]}  R8d7 {[%clk 0:17:24]} 42. Rd1 {[%clk 0:29:35]}  Rd8 {[%clk 0:47:16]} 43. Ra1 {[%clk 0:13:49]}  R8d7 {[%clk 0:42:11]} 44. Rad1 {[%clk 0:07:58]}  Rd8 {[%clk 0:40:28]} 45. Rc1 {[%clk 0:06:19]}  R8d7 {[%clk 0:37:21]} 46. Rc7 {[%clk 0:04:53]}  Qd8 {[%clk 0:33:33]} 47. Rxd7 {[%clk 0:04:02]}  Qxd7 {[%clk 0:34:01]} 48. a5 {[%clk 0:03:22]}  Qd8 {[%clk 0:25:21]} 49. Qb5 {[%clk 0:02:49]}  Bc8 {[%clk 0:06:30]} 50. a6 {[%clk 0:02:26]}  Rd7 {[%clk 0:06:53]} 51. d6 {[%clk 0:00:40]}  Ra7 {[%clk 0:03:49]} 52. Qc6 {[%clk 0:00:53]}  Bxa6 {[%clk 0:00:37]} 53. Ra4 {[%clk 0:00:49]}  Bb5 {[%clk 0:00:33]} 54. Qxb5 {[%clk 0:01:10]}  Rxa4 {[%clk 0:01:02]} 55. Qxa4 {[%clk 0:01:32]}  Qxd6 {[%clk 0:01:30]} 56. Qc4 {[%clk 0:01:34]}  Qd7 {[%clk 0:00:41]} 57. Bd5 {[%clk 0:01:50]}  Qe7 {[%clk 0:00:55]} 58. Qc6 {[%clk 0:02:12]}  Qa7 {[%clk 0:00:52]} 59. Qb7 {[%clk 0:02:11]}  Qxb7 {[%clk 0:01:15]} 60. Bxb7 {[%clk 0:02:39]}  g5 {[%clk 0:00:38]} 61. f4 {[%clk 0:01:25]}  b5 {[%clk 0:00:46]} 62. Kg2 {[%clk 0:01:45]}  b4 {[%clk 0:00:56]} 63. Bd5 {[%clk 0:02:13]}  Kf8 {[%clk 0:00:33]} 64. hxg5 {[%clk 0:02:14]}  fxg5 {[%clk 0:01:02]} 65. fxg5 {[%clk 0:02:37]}  Kg7 {[%clk 0:00:59]} 66. Kh3 {[%clk 0:03:01]} 1-0